[Event "CHN-chT (Women)"]
[Site "Qingdao"]
[Date "2024.04.04"]
[Round "3.2"]
[White "Zhou, Shumeng"]
[Black "Zhao, Shengxin"]
[Result "1-0"]
[WhiteElo "1800"]
[BlackElo "2123"]
[PlyCount "171"]
[EventDate "2024.04.02"]
[EventType "team-swiss"]
[EventRounds "9"]
[EventCountry "CHN"]
[SourceTitle "CB16_2024"]
[SourceDate "2024.04.17"]
[SourceVersion "1"]
[SourceVersionDate "2024.04.17"]
[SourceQuality "1"]
[WhiteTeam "Shanghai (W)"]
[BlackTeam "Hangzhou (W)"]
[WhiteTeamCountry "CHN"]
[BlackTeamCountry "CHN"]

1. e4 c5 2. Nf3 Nc6 3. d4 cxd4 4. Nxd4 Qb6 5. Nb3 Nf6 6. Nc3 g6 7. Be3 Qc7 8. f3 Bg7 9. Qd2 d6 10. 0-0-0 Be6 11. Kb1 h5 12. h3 a6 13. Nd5 Bxd5 14. exd5 Ne5 15. Qa5 Rc8 16. Qxc7 Rxc7 17. Na5 0-0 18. Be2 b5 19. Bb6 Rcc8 20. Rhe1 Rfe8 21. Bf1 Bh6 22. Bd4 Nfd7 23. Re2 Rc7 24. a3 Kf8 25. Rde1 Rec8 26. Rd1 Bf4 27. Bf2 Nc4 28. Nxc4 Rxc4 29. g3 Be5 30. f4 Bf6 31. Red2 R4c7 32. g4 hxg4 33. hxg4 g5 34. Be3 gxf4 35. Bxf4 Ne5 36. g5 Bg7 37. Bxe5 Bxe5 38. Bh3 Rb8 39. Rf2 b4 40. a4 b3 41. c3 Rc4 42. Rdf1 f6 43. Be6 Kg7 44. gxf6+ Bxf6 45. Rg2+ Kh6 46. Rfg1 Rf4 47. Rg6+ Kh7 48. Bg8+ Rxg8 49. Rxg8 Rxa4 50. R8g4 Rxg4 51. Rxg4 Kh6 52. Ra4 Kg5 53. Rxa6 Kf5 54. Kc1 Ke4 55. Kd2 Bg5+ 56. Ke2 Bc1 57. Rb6 Bxb2 58. Rxb3 Bc1 59. Rb5 Ba3 60. Rb7 Kxd5 61. Rxe7 Kc4 62. Kd2 Bc5 63. Re4+ Kb5 64. c4+ Kc6 65. Re6 Ba7 66. Kd3 Kc5 67. Rh6 Bb6 68. Rh5+ Kc6 69. Ke4 Bc5 70. Rh8 Bb6 71. Rh5 Bc5 72. Rd5 Kb6 73. Rd1 Kc6 74. Kf5 Bb4 75. Rd5 Kd7 76. Kf6 Bc3+ 77. Kf7 Bb4 78. Rd1 Bc5 79. Re1 Bd4 80. Re7+ Kc6 81. Ke6 Bc5 82. Re8 Kc7 83. Kd5 Kd7 84. Rh8 Kc7 85. Rh7+ Kc8 86. Rh8+ 1-0

[Event "Wch Rapid (Women)"]
[Site "Samarkand"]
[Date "2023.12.28"]
[Round "9"]
[White "Zhao, Shengxin"]
[Black "Lesbekova, Asel"]
[Result "1/2-1/2"]
[WhiteElo "2124"]
[BlackElo "1805"]
[PlyCount "108"]
[EventDate "2023.12.26"]
[EventType "swiss (rapid)"]
[EventRounds "11"]
[EventCountry "UZB"]
[SourceTitle "CB01_2024"]
[SourceDate "2024.01.03"]
[SourceVersion "1"]
[SourceVersionDate "2024.01.03"]
[SourceQuality "1"]

1. d4 d5 2. c4 e6 3. Nf3 a6 4. cxd5 exd5 5. Nc3 c6 6. Bf4 Nf6 7. e3 Bd6 8. Ne5 0-0 9. Bd3 Re8 10. 0-0 c5 11. Qf3 Nc6 12. Nxc6 bxc6 13. dxc5 Bxc5 14. Bg5 Be7 15. Rac1 h6 16. Bf4 Bd6 17. h3 Bxf4 18. Qxf4 Bb7 19. Na4 Nd7 20. Qf5 g6 21. Qf4 Kg7 22. Nc5 Nxc5 23. Rxc5 Qf6 24. Qxf6+ Kxf6 25. b4 Ke6 26. Rd1 Red8 27. Bc2 Rd6 28. Rd4 f5 29. g4 Bc8 30. Rf4 Ke5 31. Kg2 Bd7 32. Bd3 Rf6 33. gxf5 Bxf5 34. Bxf5 gxf5 35. Ra5 Rf7 36. Kf3 Rb7 37. Rh4 Rh7 38. Rh5 Raa7 39. e4 Rhf7 40. exd5 cxd5 41. Rxh6 Rfb7 42. a3 Rc7 43. Rhxa6 Rc3+ 44. Ke2 Rc2+ 45. Kd3 Rac7 46. Rc5 R7xc5 47. bxc5 Rxf2 48. Ra8 Rf3+ 49. Ke2 Rc3 50. Re8+ Kd4 51. Rf8 Rxc5 52. Rxf5 Rc2+ 53. Kd1 Rc3 54. Rf4+ Ke5 1/2-1/2

[Event "Wch Rapid (Women)"]
[Site "Samarkand"]
[Date "2023.12.27"]
[Round "5"]
[White "Zhunusbekova, Aymunzhok"]
[Black "Zhao, Shengxin"]
[Result "0-1"]
[WhiteElo "1527"]
[BlackElo "2124"]
[PlyCount "94"]
[EventDate "2023.12.26"]
[EventType "swiss (rapid)"]
[EventRounds "11"]
[EventCountry "UZB"]
[SourceTitle "CB01_2024"]
[SourceDate "2024.01.03"]
[SourceVersion "1"]
[SourceVersionDate "2024.01.03"]
[SourceQuality "1"]

1. e4 c5 2. Nc3 Nc6 3. g3 g6 4. Bg2 Bg7 5. Nge2 e6 6. d3 Nge7 7. Be3 Nd4 8. 0-0 0-0 9. Qd2 Rb8 10. Bh6 Bxh6 11. Qxh6 Nxc2 12. Rad1 Nc6 13. Rd2 N2d4 14. f4 f5 15. g4 Qf6 16. e5 Qg7 17. Qh4 b5 18. gxf5 Nxf5 19. Qh3 Ncd4 20. Ne4 Bb7 21. Nxc5 Bxg2 22. Kxg2 Rbc8 23. Ne4 Nc2 24. Kh1 Nce3 25. Rg1 Nd5 26. Qg4 Nfe3 27. Qg3 Kh8 28. N2c3 b4 29. Nxd5 Nxd5 30. Rf2 Rc6 31. h4 Rf5 32. Nd6 Rh5 33. a3 Qe7 34. Rh2 b3 35. d4 Rc2 36. Qxb3 Rxh2+ 37. Kxh2 Qxh4+ 38. Kg2 Qh2+ 39. Kf1 Qxf4+ 40. Ke1 Qe3+ 41. Qxe3 Nxe3 42. Nc8 Nc2+ 43. Kd2 Nxd4 44. Rf1 Rxe5 45. Nd6 Rd5 46. Rf8+ Kg7 47. Rf7+ Kg8 0-1

[Event "Thailand op"]
[Site "Chiangmai"]
[Date "2023.07.01"]
[Round "5"]
[White "Zhao, Shengxin"]
[Black "Nay, Lin Tun2222"]
[Result "1-0"]
[WhiteElo "2156"]
[BlackElo "2055"]
[PlyCount "131"]
[EventDate "2023.06.28"]
[EventType "swiss"]
[EventRounds "9"]
[EventCountry "THA"]
[SourceTitle "CBM 215 Extra"]
[Source "ChessBase"]
[SourceDate "2023.09.30"]
[SourceVersion "1"]
[SourceVersionDate "2023.09.30"]
[SourceQuality "1"]

1. d4 Nf6 2. c4 g6 3. Nf3 Bg7 4. g3 0-0 5. Bg2 d6 6. 0-0 Nc6 7. d5 Na5 8. Nfd2 c5 9. Nc3 a6 10. Qc2 b5 11. cxb5 axb5 12. Nxb5 Ba6 13. Nc3 Qb6 14. Rb1 Rfb8 15. b3 Bc8 16. Bb2 Bf5 17. e4 Bc8 18. Rfe1 Ba6 19. e5 Ng4 20. exd6 exd6 21. Na4 Qd8 22. Bxg7 Kxg7 23. Ne4 f6 24. Qc3 Kf7 25. Bh3 Bc8 26. f3 Nh6 27. Be6+ Kg7 28. g4 Bxe6 29. dxe6 Nc6 30. g5 Ng8 31. e7 Qxe7 32. Nxf6 Qf7 33. Nd7+ Nd4 34. Naxc5 dxc5 35. Nxc5 Qd5 36. Ne6+ Kh8 37. Rbd1 Rc8 38. Qxd4+ Qxd4+ 39. Nxd4 Rxa2 40. Re2 Rxe2 41. Nxe2 Ne7 42. Kf2 Nf5 43. Rd2 Rb8 44. Rd3 Kg8 45. Nf4 Rb7 46. Nd5 Kf7 47. b4 Ke6 48. b5 Ke5 49. b6 Nd4 50. Ne3 Rb8 51. Kg3 Rb7 52. Rd2 Rb8 53. h4 Rb7 54. Kg4 Rb8 55. Rb2 Kd6 56. f4 Kc5 57. b7 Nb5 58. Nd1 Nd6 59. Nf2 Kc6 60. Nd3 Nxb7 61. Ne5+ Kc7 62. Rc2+ Kd6 63. Rc6+ Kd5 64. Rb6 Ke4 65. Nd7 Rd8 66. Rxb7 1-0

[Event "CHN-chT DivA"]
[Site "Fuling"]
[Date "2023.06.06"]
[Round "2.2"]
[White "Zhao, Shengxin"]
[Black "Bai, Xue"]
[Result "0-1"]
[WhiteElo "2156"]
[BlackElo "2041"]
[PlyCount "74"]
[EventDate "2023.06.05"]
[EventType "team-tourn"]
[EventRounds "11"]
[EventCountry "CHN"]
[SourceTitle "CBM 214 Extra"]
[Source "ChessBase"]
[SourceDate "2023.07.31"]
[SourceVersion "1"]
[SourceVersionDate "2023.07.31"]
[SourceQuality "1"]
[WhiteTeam "Hangzhou"]
[BlackTeam "Zhejiang Shaoxing"]
[WhiteTeamCountry "CHN"]
[BlackTeamCountry "CHN"]

1. d4 Nf6 2. Bg5 d5 3. Nd2 e6 4. e4 dxe4 5. Bxf6 gxf6 6. Nxe4 f5 7. Ng3 c5 8. Nf3 Nc6 9. dxc5 Qxd1+ 10. Rxd1 Bxc5 11. Bb5 Bd7 12. 0-0 0-0-0 13. Rfe1 Kc7 14. c3 h5 15. h4 a6 16. Bd3 Bd6 17. Ng5 Rdf8 18. Be2 f6 19. Nh3 Bxg3 20. fxg3 e5 21. Rf1 Rfg8 22. Kh2 Rg7 23. Rd3 Ne7 24. Rfd1 Bc6 25. Rd6 f4 26. Rxf6 Rxg3 27. Bf1 Nd5 28. Rf7+ Kb6 29. Be2 Ne3 30. Rg1 Bxg2 31. Ng5 Rg8 32. Re1 Bc6 33. Rg1 Rxg1 34. Kxg1 Ng2 35. Rf5 f3 36. Bf1 Ne3 37. Rxe5 f2+ 0-1

[Event "CHN-chT (Women)"]
[Site "Hangzhou"]
[Date "2023.05.19"]
[Round "1.2"]
[White "Zhao, Shengxin"]
[Black "Ning, Duan"]
[Result "1-0"]
[WhiteElo "2151"]
[BlackElo "1498"]
[PlyCount "55"]
[EventDate "2023.05.19"]
[EventType "team-swiss"]
[EventRounds "9"]
[EventCountry "CHN"]
[SourceTitle "CBM 214 Extra"]
[Source "ChessBase"]
[SourceDate "2023.07.31"]
[SourceVersion "1"]
[SourceVersionDate "2023.07.31"]
[SourceQuality "1"]
[WhiteTeam "Hangzhou (W)"]
[BlackTeam "Guangdong (W)"]
[WhiteTeamCountry "CHN"]
[BlackTeamCountry "CHN"]

1. d4 d5 2. c4 c6 3. Nf3 Nf6 4. g3 Bf5 5. Nc3 h6 6. cxd5 cxd5 7. Qb3 Qb6 8. Nxd5 Nxd5 9. Qxd5 e6 10. Qc4 Bb4+ 11. Bd2 Bxd2+ 12. Nxd2 Qxb2 13. Qc8+ Ke7 14. Qc5+ Kd7 15. Nb3 Be4 16. f3 Bc6 17. Bh3 Na6 18. Qe5 Rhg8 19. Kf2 Qa3 20. d5 Bxd5 21. Qxd5+ Ke7 22. Qxb7+ Kf6 23. Rhd1 Rgb8 24. Qe4 Qe7 25. Qh4+ g5 26. Qxh6+ Ke5 27. f4+ Ke4 28. Rd4# 1-0

[Event "Shenzhen op (Women)"]
[Site "Shenzhen"]
[Date "2023.04.01"]
[Round "3.1"]
[White "Hou, Yifan"]
[Black "Zhao, Shengxin"]
[Result "0-1"]
[WhiteElo "2628"]
[BlackElo "2151"]
[PlyCount "107"]
[EventDate "2023.03.30"]
[EventType "k.o. (rapid)"]
[EventRounds "4"]
[EventCountry "CHN"]
[SourceTitle "CBM 213 Extra"]
[Source "ChessBase"]
[SourceDate "2023.05.31"]
[SourceVersion "1"]
[SourceVersionDate "2023.05.31"]
[SourceQuality "1"]

1. e4 c5 2. Nf3 d6 3. d4 cxd4 4. Nxd4 Nf6 5. Nc3 a6 6. h3 e5 7. Nde2 Be6 8. g4 g6 9. f4 Nc6 10. f5 Bc4 11. Ng3 Bxf1 12. Rxf1 Nd7 13. g5 Qa5 14. Bd2 0-0-0 15. Nd5 Qb5 16. a4 Qc4 17. b3 Qd4 18. c3 Qa7 19. Be3 Qb8 20. fxg6 fxg6 21. Rf7 h5 22. Qe2 Re8 23. Qc4 h4 24. Nf1 Kd8 25. Nb6 Be7 26. Qe6 Qc7 27. Nd5 Qc8 28. Ra2 Nc5 29. Qxc8+ Kxc8 30. b4 Nxe4 31. b5 Rhf8 32. Rxf8 Bxf8 33. bxc6 bxc6 34. Nf6 Nxf6 35. gxf6 Kd7 36. Rb2 Ke6 37. Bg5 d5 38. Ne3 d4 39. Ng4 dxc3 40. Rb3 Kf5 41. Bxh4 Rd8 42. Ke2 Rd2+ 43. Kf3 Rd3+ 44. Ne3+ Ke6 45. Rb1 Bc5 46. Bg5 Ba3 47. f7 Kxf7 48. Ke4 Rd6 49. Rb7+ Kg8 50. Nc2 Bb2 51. Kxe5 Rd2 52. Bxd2 cxd2+ 53. Rxb2 d1Q 54. Rb8+ 0-1

[Event "Shenzhen op (Women)"]
[Site "Shenzhen"]
[Date "2023.04.01"]
[Round "3.4"]
[White "Zhao, Shengxin"]
[Black "Hou, Yifan"]
[Result "0-1"]
[WhiteElo "2151"]
[BlackElo "2628"]
[PlyCount "88"]
[EventDate "2023.03.30"]
[EventType "k.o. (rapid)"]
[EventRounds "4"]
[EventCountry "CHN"]
[SourceTitle "CBM 213 Extra"]
[Source "ChessBase"]
[SourceDate "2023.05.31"]
[SourceVersion "1"]
[SourceVersionDate "2023.05.31"]
[SourceQuality "1"]

1. d4 d5 2. c4 e6 3. Nf3 Nf6 4. g3 Bb4+ 5. Bd2 Bd6 6. Bg2 0-0 7. Nc3 c6 8. Bg5 Nbd7 9. Qd3 h6 10. Bf4 Bxf4 11. gxf4 dxc4 12. Qxc4 b5 13. Qd3 b4 14. Ne4 Nxe4 15. Qxe4 Ba6 16. 0-0 Nf6 17. Qc2 Nd5 18. f5 exf5 19. Qxf5 Bxe2 20. Rfe1 Bxf3 21. Bxf3 g6 22. Qe5 Qd7 23. Rac1 Rae8 24. Qg3 Rxe1+ 25. Rxe1 Re8 26. Rxe8+ Qxe8 27. Kf1 Qe7 28. Qb8+ Kg7 29. Qc8 Qd6 30. Qb7 a5 31. Qa6 Nf4 32. Qc4 Ne6 33. d5 cxd5 34. Bxd5 Nf4 35. Bf3 Qd3+ 36. Qxd3 Nxd3 37. Ke2 Nxb2 38. Kd2 Nc4+ 39. Kc2 Kf6 40. Be2 Nb6 41. a3 bxa3 42. Kb3 Ke5 43. Kxa3 g5 44. Kb3 f5 0-1

[Event "CHN-chT Div-A Rapid"]
[Site "Fuling"]
[Date "2022.09.18"]
[Round "10.3"]
[White "Yuan, Ye"]
[Black "Zhao, Shengxin"]
[Result "1/2-1/2"]
[WhiteElo "2108"]
[BlackElo "2112"]
[PlyCount "86"]
[EventDate "2022.09.06"]
[EventType "team-tourn (rapid)"]
[EventRounds "11"]
[EventCountry "CHN"]
[SourceTitle "CBM 210 Extra"]
[Source "ChessBase"]
[SourceDate "2022.11.30"]
[SourceVersion "1"]
[SourceVersionDate "2022.11.30"]
[SourceQuality "1"]
[WhiteTeam "Jiangsu"]
[BlackTeam "Hangzhou Zhenjiang"]
[WhiteTeamCountry "CHN"]
[BlackTeamCountry "CHN"]

1. d4 Nf6 2. c4 e6 3. g3 d5 4. Bg2 Bb4+ 5. Bd2 Be7 6. Nf3 0-0 7. 0-0 c6 8. Qc2 Nbd7 9. Bf4 b6 10. Rd1 Bb7 11. Nc3 dxc4 12. Nd2 Nd5 13. Nxc4 Nxf4 14. gxf4 Qc7 15. e3 Rac8 16. Rac1 Rfd8 17. a3 a5 18. Qe4 Ba6 19. Ne5 Nxe5 20. fxe5 Bc4 21. Qg4 Bb3 22. Rd3 Bc4 23. Rd2 Kh8 24. Ne4 Bd5 25. Ng5 Bxg5 26. Qxg5 Bxg2 27. Qxg2 c5 28. Rdc2 Qd7 29. Qe4 cxd4 30. Rxc8 Rxc8 31. Rxc8+ Qxc8 32. Qxd4 Qc1+ 33. Kg2 Qc6+ 34. Kg3 h5 35. Qd8+ Kh7 36. Qg5 g6 37. Qe7 Kg7 38. Qf6+ Kg8 39. Qd8+ Kg7 40. Qf6+ Kg8 41. Qd8+ Kg7 42. Qf6+ Kg8 43. Qd8+ Kg7 1/2-1/2